000 01541nam a2200325 i 4500
001 000042402
003 DO-SdBNP
005 20230606113713.0
007 ta
008 090713s2008 dr abc e 000 0 spa d
020 _a9993466093
040 _aDO-SdBNP
_bspa
_cBNPHU
_erda
082 4 _aR 036.97293
_bE56r 2008
_222
245 0 0 _aEnciclopedia ilustrada de la República Dominicana.
250 _a2a. ed.
264 4 _aSanto Domingo :
_bEDUPROGRESO,
_c2008.
300 _avolumen :
_bilustraciones, mapas, retratos ;
_c30 cm.
336 _2rdacontent
_atexto
_btxt
337 _2rdamedia
_asin mediación
_bn
338 _2rdacarrier
_avolumen
_bnc
504 _aBibliografía : p. 231-250
505 0 _av.1 --
_tGuía conceptual /
_gv.2 --
_tBiografías--
_gv.3--
_tCapital y Provincias 1ra parte--
_gv.4--
_tCapital y Provincias 2a parte--
_gv.5--
_tEcología y Medio Ambiente--
_gv.6--
_tLengua y Literatura--
_gv.7--
_tHistoria--
_gv.8--
_tGeografía--
_gv.9--
_tCultura, Educación y Deporte--
_gv.10--
_tEconomía y Estadísticas 1a parte--
_gv.11--
_tEconomía y Estadísticas 2a parte.
_rMargarita Castrain --
590 _aInventariado, 2023/BT
650 4 _aGeografía
_zRepública Dominicana
_vDiccionarios y enciclopedias
_911252
650 4 _aEconomía
_zRepública Dominicana
_vDiccionarios y enciclopedias
_911253
651 4 _aRepública Dominicana
_vDiccionarios y enciclopedias
_911250
651 4 _aRepública Dominicana
_xHistoria
_vDiccionarios y enciclopedias
_911251
910 _aValidado. Control de calidad MFF
942 _2ddc
_cLBS1
999 _c41891
_d41891